000 00604nam a2200205Ia 4500
005 20250923145103.0
008 008 250917s9999 xx 000 0 eng d
037 _aTextual
040 _aDSWL
_beng
_cDSWL
041 _aeng
_2eng
084 _aLopy31.2'N6t4, N6
_qDSWL
100 _aHasan, Khwaja Arif
_9831658
245 0 _aCultural frontier of health in village India
_cby Khwaja Hasan
260 _aBombay
_bKanabtala P.Ltd.
_c1967
300 _a132 p.
365 _aINR
_b28
925 _g28
942 _cTEXL
_hLopy31.2'N6t4, N6
999 _c1446914
_d1446914